Statistics for Pakistan First Level Subdivisions

Click here to take the quiz!

General Stats

  • This quiz has been taken 83 times
  • The average score is 5 of 7

Answer Stats

Provinces% Correct
Islamabad
98%
Balochistan
89%
Punjab
89%
Sindh
85%
Khyber Pakhtunkhwa
60%
Gilgit-Baltistan
57%
Azad Jammu and Kashmir
45%

Score Distribution

Percentile by Number Answered

Percent of People with Each Score

Your Score History

You have not taken this quiz